| 000 | 01011nam a2200277 a 4500 | ||
|---|---|---|---|
| 001 | BRL_1266 | ||
| 005 | 20190320211123.0 | ||
| 008 | 091213c1943----u--abeo###---#000-0#eng-# | ||
| 041 | _aeng | ||
| 044 | _au | ||
| 050 | 4 |
_aF1435 _b.R87 1943 |
|
| 100 | 1 |
_aRuppert, Karl _d1895-1960 _926324 |
|
| 245 | 1 | 0 |
_aArchaeological reconnaissance in Campeche, Quintana Roo, and Peten _cKarl Ruppert [and] John H. Denison. |
| 260 |
_aWashington, D.C. _bCarnegie Institution of Washington _c1943 |
||
| 300 |
_avii, 153 p. _bil., 75 láminas, mapas, planos plegables _c30 cm. |
||
| 440 | 0 |
_aCarnegie Institution of Washington. Publication _v543 _926325 |
|
| 500 | _aAu1451 | ||
| 504 | _aBibliografía: p. 155-156 | ||
| 650 | 1 | 4 |
_aMayas _xAntigüedades _99555 |
| 651 | 4 |
_aCampeche (México : Estado) _xAntigüedades _926326 |
|
| 651 | 4 |
_aQuintana Roo (México : Estado) _xAntigüedades _926327 |
|
| 651 | 4 |
_aPetén (Guatemala) _xAntigüedades _926328 |
|
| 700 | 1 |
_aDenison, John H. _926329 |
|
| 902 | _aGRL | ||
| 942 |
_2lcc _cB |
||
| 999 |
_c10078 _d10078 |
||